| 000 | 00543nam a22001937a 4500 | ||
|---|---|---|---|
| 003 | OSt | ||
| 005 | 20140310182755.0 | ||
| 008 | 130205t xxu||||| |||| 00| 0 eng d | ||
| 050 |
_aBS 649 _b.Un58 1986 |
||
| 082 |
_aM 220.15 _bUn3 1986 |
||
| 245 |
_aThe United States and Britain in prophecy _cArmstrong, Herbert |
||
| 260 |
_a[S.l.] _bWorldwide Church of God _cc1986 |
||
| 300 |
_a192 p. _b ill. (some col.) _c 21 cm. |
||
| 521 | _acollege students | ||
| 526 | _c1210L-1700L | ||
| 541 | _j1 | ||
| 562 | _e1 | ||
| 942 |
_2lcc _cBK _kM |
||
| 999 |
_c15830 _d15830 |
||